| 000 | 00485nam a22001937a 4500 | ||
|---|---|---|---|
| 999 |
_c523510 _d523510 |
||
| 003 | NUST | ||
| 005 | 20190326092919.0 | ||
| 020 | _a9780980232721 | ||
| 038 | _aNusrat Nadeem | ||
| 040 |
_aDLC _bDLC _cRCMS |
||
| 082 |
_a512.5 _bSTR |
||
| 100 |
_aGilbert Strang _910675 |
||
| 245 |
_aIntroduction to LINEAR ALGEBRA _cStrang Gilbert |
||
| 250 | _a4th,ed. | ||
| 260 |
_aUSA _bCambridge Press _c2009 |
||
| 300 |
_aix,574,p: _bill: _c22,cm. |
||
| 600 |
_xALGEBRA _913995 |
||
| 942 |
_2ddc _cBK |
||